01706nam a22003977a 4500003000500000005001700005008004100022010001100063011001100074035001100085040000900096090001000105100003500115245015700150260004000307500006000347502005400407590003700461590004100498590004100539590004100580590004100621590004100662590004200703650002200745650002600767650002000793856006400813901000700877942000900884949006300893949005800956999001901014952014001033952013501173CHAP20220817044538.0030912s2012 mx r 00010 spa d a103823 a104795 a115485 cCHAP aTesis1 aGarcía Cruz, Alfonso.94588110aDesarrollo reproductivo de catorce variedades de zinnia (Zinnia sp jacq.) en tres diferentes fechas de siembrah[En línea]c/por Alfonso García Cruz aChapingo, Méx. :bEl autor,c2012 aPara ver el contenido del material haga clic en la liga aTesis (Ing. Agrónomo Especialista en Fitotecnia aALEPHb10c20130110lUCH01h1546 aBATCH-UPDb10c20130110lUCH01h1443 aBATCH-UPDb10c20130410lUCH01h0914 aBATCH-UPDb10c20130914lUCH01h0424 aBATCH-UPDb10c20140324lUCH01h1533 aBATCH-UPDb10c20141002lUCH01h0855 aCONVERSIONb10c20130109lUCH01h135714aAsteraceae.9817014aPlantas ornamentales.14aZinnia.9124076 3Finding aiduhttp://10.13.5.2/tesis/115485.pdfzTeclea aqui aBK cFOLL aTesisbBCcTESd33724002335743eTS2fc.2h53911i115485st aTesisbBCcTESd33724002335785eTS1h53910i115485st c103823d103823 00102local4053708TESISaBCbBCcPA_TESISd2019-12-31fTESISl0oTesisp33724002335743r2019-12-31 00:00:00tc.2w2019-12-31yTESIS 00102local4051708TESISaBCbBCcPA_TESISd2019-12-31fTESISl0oTesisp33724002335785r2019-12-31 00:00:00w2019-12-31yTESIS